| 000 | 01109nam a22001697a 4500 | ||
|---|---|---|---|
| 008 | 110616t xxu||||| |||| 00| 0 eng d | ||
| 010 | _aCACAF46 | ||
| 245 | _aCourt of Appeal Criminal Appeal No. 45 OF 2000 Nakityo Everlyn Vs Uganda | ||
| 260 | _c2000 | ||
| 500 | _aCoram: Hon. Lady Justice A.E.N. Mpagi-Bahigeine, JA Hon. Mr. Justice J.P. Berko, JA Hon. Lady Justice C.N.B. Kitumba, JA | ||
| 500 | _aAppeal against conviction and sentence of 5 years imprisonment of the High Court at Kampala Justice J.B.A Katutsi dated 13.9.99, Criminal Session Case No. 61 of 1998 | ||
| 999 |
_c3082 _d3082 |
||